000 005470000a22001810004500
003 MACL
005 20160410160519.0
008 160410b xxu||||| |||| 00| 0 eng d
040 _aMACL
_cMACL
041 _aHindi
082 _a580
100 _aराय एम. एन
_949240
245 _aवनस्‍पति विज्ञान कोश
260 _bगुरूकुल विघापीठ प्रकाशन
_c2004
_aनई दिल्‍ली
350 _a300
650 _aPlants
_951811
942 _cHIN
_k580
_2ddc
999 _c17718
_d17718